Identifying the needs and challenges of criminal justice agencies in small, rural, tribal, and border areas /

Bibliographic Details
Main Author: Saunders, Jessica M., 1978- (Author)
Corporate Authors: National Institute of Justice (U.S.), Justice Innovation Center
Format: Book
Language:English
Published: Santa Monica, Calif. : RAND Corporation, [2016]
Subjects:

MARC

Tag First Indicator Second Indicator Subfields
LEADER 00000cam a2200000Ii 4500
001 in00003710132
005 20170926151758.0
008 161117s2016 cau b 000 0 eng d
020 |a 9780833096579 
020 |a 0833096575 
035 |a (OCoLC)ocn963910644 
040 |a BTCTA  |b eng  |e rda  |c BTCTA  |d BDX  |d KSG  |d TXA  |d UtOrBLW 
043 |a n-us--- 
049 |a TXAM 
050 4 |a HV9950  |b .S28 2016 
100 1 |a Saunders, Jessica M.,  |d 1978-  |e author.  |0 http://id.loc.gov/authorities/names/n2008083469 
245 1 4 |a Identifying the needs and challenges of criminal justice agencies in small, rural, tribal, and border areas /  |c Jessica Saunders [and 8 others]. 
264 1 |a Santa Monica, Calif. :  |b RAND Corporation,  |c [2016] 
264 4 |c ©2016 
300 |a xxviii, 135 pages ;  |c 28 cm 
336 |a text  |b txt  |2 rdacontent 
337 |a unmediated  |b n  |2 rdamedia 
338 |a volume  |b nc  |2 rdacarrier 
500 |a At head of title: The Justice Innovation Center. 
500 |a "National Institute of Justice"--Title page verso. 
500 |a "RR-1479-NIJ"-- Cover page 4. 
504 |a Includes bibliographical references (pages 127-135) 
650 0 |a Criminal justice, Administration of  |x Technological innovations  |z United States. 
650 0 |a Small cities  |z United States. 
650 0 |a Indians of North America.  |0 http://id.loc.gov/authorities/subjects/sh85065184 
650 0 |a Criminal justice, Administration of  |z United States  |x Rural conditions. 
710 2 |a National Institute of Justice (U.S.)  |0 http://id.loc.gov/authorities/names/n81120466 
710 2 |a Justice Innovation Center. 
948 |a cataloged  |b h  |c 2017/1/10  |d c  |e ceaton  |f 2:10:41 pm 
999 f f |s a7b34bfe-dd84-38b3-a1f7-fbf69385781c  |i 5519ad3a-6dcc-3f88-a8f4-e0ada72fea0b  |t 0 
952 f f |p normal  |a Texas A&M University  |b College Station  |c Sterling C. Evans Library  |d Evans: Library Stacks  |t 0  |e HV9950 .S28 2016  |h Library of Congress classification  |i unmediated -- volume  |m A14813743821 
998 f f |a HV9950 .S28 2016  |t 0  |l Evans: Library Stacks